000 00526cab a2200193 4500
001 X3046
008 090401t1996 xxu||||| |||| 00| 0 eng d
035 _a(Sirsi) u28193
041 _aeng
100 _aSimmons, G.
245 _aMissile guidance for the photogrammetrist
260 _c1996
350 _a0
490 _aSurveying World
_v4(2) January/February 1996, 30-32(3)
650 _aDIGITAL PHOTOGRAMMETRY
690 _aMANAGEMENT-BUSINESS MANAGEMENT-INFORMATION MANAGEMENT
942 _n0
948 _c04/03/1997
999 _c19010
_d19010